<?xml version="1.0" encoding="UTF-8"?>
<collection xmlns="http://www.loc.gov/MARC21/slim">
 <record>
  <leader>00863nam a22002295a 4500</leader>
  <controlfield tag="001">CEM.cems024655</controlfield>
  <controlfield tag="008">250604s1995####xx############000#0#und#d</controlfield>
  <controlfield tag="005">20250604141300.0</controlfield>
  <datafield tag="245" ind1="1" ind2="0">
   <subfield code="a">Si yo fuera un gato... /</subfield>
   <subfield code="c">Carlos Silveyra ; ilustraciones Maximiliano Luchini.</subfield>
  </datafield>
  <datafield tag="250" ind1=" " ind2=" ">
   <subfield code="a">3a ed.</subfield>
  </datafield>
  <datafield tag="260" ind1=" " ind2=" ">
   <subfield code="a">Santiago de Chile :</subfield>
   <subfield code="b">Quipu,</subfield>
   <subfield code="c">1995.</subfield>
  </datafield>
  <datafield tag="300" ind1=" " ind2=" ">
   <subfield code="a">35 p.</subfield>
  </datafield>
  <datafield tag="490" ind1="1" ind2=" ">
   <subfield code="a">Los rojos de Quipu ;</subfield>
   <subfield code="v">1</subfield>
  </datafield>
  <datafield tag="500" ind1=" " ind2=" ">
   <subfield code="a">A partir de 3 años.</subfield>
  </datafield>
  <datafield tag="520" ind1=" " ind2=" ">
   <subfield code="a">Ser un chico tiene sus complicaciones. Por eso Juan se imagina que es un gato. Hasta que descubre que ser un gato...también tiene lo suyo.</subfield>
  </datafield>
  <datafield tag="020" ind1=" " ind2=" ">
   <subfield code="a">9509187909</subfield>
  </datafield>
  <datafield tag="100" ind1="1" ind2=" ">
   <subfield code="a">Silveyra, Carlos.</subfield>
  </datafield>
  <datafield tag="700" ind1="1" ind2=" ">
   <subfield code="a">Luchini, Maximiliano; il.</subfield>
  </datafield>
  <datafield tag="653" ind1=" " ind2=" ">
   <subfield code="a">Literatura argentina</subfield>
  </datafield>
  <datafield tag="653" ind1=" " ind2=" ">
   <subfield code="a">Literatura infantil y juvenil</subfield>
  </datafield>
  <datafield tag="653" ind1=" " ind2=" ">
   <subfield code="a">Novela infantil</subfield>
  </datafield>
  <datafield tag="859" ind1=" " ind2=" ">
   <subfield code="a">CEMS</subfield>
   <subfield code="b">BIB. CEMS - Inicial y Primaria</subfield>
   <subfield code="h">A863.4</subfield>
   <subfield code="i">Si339-1</subfield>
   <subfield code="k">IP</subfield>
   <subfield code="p">6368</subfield>
   <subfield code="t">Ej.1</subfield>
  </datafield>
 </record>
</collection>
